السدم و المجرات / (رقم التسجيلة. 52363)

تفاصيل مارك
000 -LEADER
fixed length control field 00603nam a22002057a 4500
005 - DATE AND TIME OF LATEST TRANSACTION
control field 20251108170928.0
008 - FIXED-LENGTH DATA ELEMENTS--GENERAL INFORMATION
fixed length control field 250721s9999 xx 000 0 ara d
082 14 - DEWEY DECIMAL CLASSIFICATION NUMBER
Classification number ط/523/سلق
100 1# - MAIN ENTRY--PERSONAL NAME
Personal name سلق، أحمد
Relator term مؤلف
245 10 - TITLE STATEMENT
Title السدم و المجرات /
264 1# - PRODUCTION, PUBLICATION, DISTRIBUTION, MANUFACTURE, AND COPYRIGHT NOTICE
Place of production, publication, distribution, manufacture بيروت :
Name of producer, publisher, distributor, manufacturer دار الشرق العربي،
300 ## - PHYSICAL DESCRIPTION
Extent 8ص.
490 0# - SERIES STATEMENT
Series statement غرائب الكون للناشئة
650 17 - SUBJECT ADDED ENTRY--TOPICAL TERM
Topical term or geographic name as entry element الفلك
650 17 - SUBJECT ADDED ENTRY--TOPICAL TERM
Topical term or geographic name as entry element المجرات
653 ## - INDEX TERM--UNCONTROLLED
Uncontrolled term اطفال مرحلة متوسطة (6-9) سنوات
700 1# - ADDED ENTRY--PERSONAL NAME
Personal name سلق، هيثم
942 ## - ADDED ENTRY ELEMENTS (KOHA)
Source of classification or shelving scheme Dewey Decimal Classification
Koha item type كتب
المقتنيات
حالة السحب حالة الفقدان مصدر التصنيف حالة التلف غير قابل للإعارة المكتبة الرئيسية المكتبة الحالية موقع الرف تاريخ التزويد الرقم المتسلسل Total Checkouts رقم الإستدعاء تاريخ آخر ظهور تاريخ الفاتورة نوع المادة (كوها) الباركود
    Dewey Decimal Classification Unchecked   مكتبة أبو علندا العامة مكتبة أبو علندا العامة الأطفال 06/07/2004 1108   ط/523/سلق 28/07/2025 06/07/2004 كتب  
    Dewey Decimal Classification     مكتبة الأميرة ايمان العامة مكتبة الأميرة ايمان العامة الأطفال 24/12/2013 1932]   ط/523/سلق 28/07/2025 24/12/2013 كتب PLD00291579
    Dewey Decimal Classification     مكتبة الراية الهاشمية للأطفال مكتبة الراية الهاشمية للأطفال الأطفال 13/09/2015 297078   ط/523/سلق 28/07/2025 13/09/2015 كتب PLD00346522
    Dewey Decimal Classification     مكتبة حمزة العامة مكتبة حمزة العامة الأطفال 04/08/2018 1677370   ط/523/سلق 28/07/2025 04/08/2018 كتب PLD00426610
Implemented & Customized by: BBB with SCIT (Smart Chains for Information Technology)

Powered by Koha